000 01390nam a2200337 a 4500
001 ebr10270989
003 CaPaEBR
006 m u
007 cr cn|||||||||
008 070822s2007 ne sb 001 0 eng
010 _z 2007298915
020 _z9004160183 (alk. paper)
020 _z9789004160187 (alk. paper)
040 _aCaPaEBR
_cCaPaEBR
035 _a(OCoLC)646789794
050 1 4 _aB701.Z7
_bP55 2007eb
100 1 _aPhillips, John.
245 1 0 _aOrder from disorder
_h[electronic resource] :
_bProclus' doctrine of evil and its roots in ancient platonism /
_cby John Phillips.
260 _aLeiden ;
_aBoston :
_bBrill,
_c2007.
300 _aix, 280 p.
490 1 _aAncient Mediterranean and medieval texts and contexts,
_x1871-188X ;
_vv. 5
504 _aIncludes bibliographical references (p. [269]-276) and index.
533 _aElectronic reproduction.
_bPalo Alto, Calif. :
_cebrary,
_d2013.
_nAvailable via World Wide Web.
_nAccess may be limited to ebrary affiliated libraries.
600 0 0 _aProclus,
_dca. 410-485.
600 0 0 _aPlato
_xInfluence.
650 0 _aGood and evil.
655 7 _aElectronic books.
_2local
710 2 _aebrary, Inc.
830 0 _aMedieval philosophy, mathematics, and science ;
_vv. 5.
856 4 0 _uhttp://site.ebrary.com/lib/rucke/Doc?id=10270989
_zAn electronic book accessible through the World Wide Web; click to view
999 _c7153
_d7153